Psicología de la liberación en le contexto de la globalización neoliberal: acciones, reflexiones y desafíos /
محفوظ في:
| المؤلف الرئيسي: | |
|---|---|
| مؤلفون آخرون: | , |
| التنسيق: | غير معروف |
| منشور في: |
San José:
Editorial UCR
|
| الوسوم: |
إضافة وسم
لا توجد وسوم, كن أول من يضع وسما على هذه التسجيلة!
|
MARC
| LEADER | 00000 a2200000 04500 | ||
|---|---|---|---|
| 001 | 35875 | ||
| 003 | |||
| 008 | 991231s d | ||
| 040 | |||
| 020 | |a 978-9968-46-034-7 | ||
| 022 | |a 978-9968-46-034-7 | ||
| 090 | |a PS0001 D633p | ||
| 100 | |a Dobles Oropeza, Ignacio | ||
| 245 | |a Psicología de la liberación en le contexto de la globalización neoliberal: acciones, reflexiones y desafíos / |c Ignacio Dobles Oropeza | ||
| 260 | |a San José: |b Editorial UCR | ||
| 300 | |a 397 p. | ||
| 700 | |a Baltodano Arróliga, Sara | ||
| 700 | |a Leandro Zúñiga, Vilma | ||
| 999 | |c 17403 |d 17403 | ||



